000 00560nam a2200181Ia 4500
999 _c6960
_d6960
003 GBCCL
005 20241126110616.0
008 180704b ||||| |||| 00| 0 eng d
020 _a0895770407
040 _cGBC
082 _a644.0202
_bREA
245 _aReaders Digest Fix it yourself manual:
_bHow to repair, clean, and maintain anything and everything in and around your home
260 _breaders digest
260 _c1977
300 _a480p.
_c18cm
650 _aRepairing
_vAmateur's Manual
_vDwellings
_vMaintenance and repair
_912383
942 _2ddc
_cREF